000 00480nam a2200145Ia 4500
008 100204s9999 xx 000 0 und d
082 _b14868
100 _aनाईक गुरुनाथ
245 _aसैतानाची वेल
260 _b"बांदोडकर पब्लिशिंग हाऊस, गोवा"
300 _a194
630 _aसैतानाची वेल
730 _aसैतानाची वेल
942 _cBOOK
999 _c459299
_d459296